| 000 | 00417cam a2200181ua 4500 | ||
|---|---|---|---|
| 020 | _c13.00 | ||
| 041 |
_aeng _h |
||
| 082 |
_a540 _bBRO/IN |
||
| 100 | _aBrown, G I . | ||
| 245 |
_aIntroduction to chemistry / _cG I Brown. _hTextual Documents |
||
| 250 |
_a11 / _b. |
||
| 260 |
_aLondon : _bLongman , _c1967. |
||
| 300 | _a356 ; . | ||
| 365 | _a13.00 | ||
| 504 | _a | ||
| 942 | _cBK | ||
| 999 |
_c7091 _d7091 |
||